000
00339nam a22001577a 4500
003
SGT
020
_a
9789389776836
082
_a
615
_b
R20G
100
_a
GARG, GOBIND RAI
245
_a
REVIEW OF PHARMACOLOGY
250
_a
14TH
260
_a
INDIA
_b
JAYPEE PUB
_c
2020
300
_a
619
650
_a
PHARMACOLOGY
942
_2
ddc
_c
BK
_0
171
999
_c
20972
_d
20972